000 00600cam a22002173a 4500
001 37545
003 PGUSA
005 20140828083826.0
008 110927s2011||||xxu|||||s|||||000 | eng d
040 _aPGUSA
_beng
042 _adc
100 1 _aTracy, Virginia
245 1 0 _a"Persons Unknown"
_h[electronic resource] /
_cVirginia Tracy
260 _bProject Gutenberg,
_c2011
506 _aPublic domain in the USA.
516 _aElectronic text
700 1 _aRaleigh, Henry,
_d1880-1945
830 0 _aProject Gutenberg
_v37545
856 4 0 _uhttp://www.gutenberg.org/ebooks/37545
942 _cEB
999 _c266799
_d266799